| 000 | 00824nam a22002177a 4500 | ||
|---|---|---|---|
| 005 | 20100803112423.0 | ||
| 010 | _aENG-97865 | ||
| 020 |
_a9788131729311 _c299.00 |
||
| 035 | _aEN-81398 | ||
| 037 | _bDBAD/UBH | ||
| 082 | _a174.4 | ||
| 100 |
_aHuntsman,Jon M _94810 |
||
| 245 |
_aWinners never cheat : _beven in difficult times / _cby Jon M Huntsman ; foreword by CNN's Glennk Beck |
||
| 260 |
_aNew Delhi _bDorling kindersley _c2010 |
||
| 270 |
_a14 Local Shopping Centre Panchsheel Park _bNew Delhi _e110017 |
||
| 300 |
_axxii,224p _c18cm (Hb) |
||
| 650 |
_abusiness ethics _94811 |
||
| 700 |
_aGlenn, Beck _94802 |
||
| 942 |
_2ddc _cEN _h174.4 _mHUN |
||
| 999 |
_c38874 _d38874 |
||